STN EN 60947-7-1: 1999, [neplatná] (35 4101) Spínacie a riadiace prístroje Časť 7 Pomocné zariadenia Oddiel 1 Svorkovnice pre medené vodiče

Bibliographic Details
Format: Book
Language:Undetermined
PhysicalDescription:24 s.
Published: Bratislava Úrad pre normalizáciu, metrológiu a skúšobníctvo SR 1999
Subjects:

MARC

LEADER 00000nam a2200000 a 4500
001 vtls001412228
003 SK-MaSNL
005 20260301162144.0
008 180126sm y0 xo 0 und
035 |a SNK000366942 
040 |a SNK  |b slo  |c SNK  |e AACR2 
044 |a xo  |c SK 
072 7 |a 621.3  |x Elektrotechnika  |2 konspekt 
080 |a 621.3  |2 2011 
130 |a STN 35 4101 [neplatná] (STN EN 60947-7-1)  |9 526220 
245 1 |a STN EN 60947-7-1: 1999, [neplatná] (35 4101) Spínacie a riadiace prístroje  |n Časť 7  |p Pomocné zariadenia  |n Oddiel 1  |p Svorkovnice pre medené vodiče 
260 |a Bratislava  |b Úrad pre normalizáciu, metrológiu a skúšobníctvo SR  |c 1999 
300 |a 24 s. 
650 0 7 |a elektrotechnika  |2 SNKPH  |9 3619 
650 0 7 |a Electric engineering  |2 SNKPH  |9 266630 
852 |a Štátna vedecká knižnica v Banskej Bystrici 
999 |c 812213  |d 814143 
952 |t P60, <03>, [BOOK], {603}  |a SNK  |b SNK  |y PREZ  |7 0  |p 17A0298409  |o snkSTN EN 60947-7-1  |i snkN 677/2001  |0 0  |1 0  |4 0  |d 2001-04-26  |l 0  |r 2005-01-02 00:00:00  |w 2026-02-24 
952 |t P60, <04>, [BOOK], {604}  |a SNK  |b SNK  |y VYP  |7 0  |p 17A0298408  |o snkSTN EN 60947-7-1 D1  |i snkN 678/2001  |0 0  |1 0  |4 0  |d 2001-04-26  |l 0  |r 2005-01-02 00:00:00  |w 2026-02-24